Statistiques concernant Les 15 jeux vidéos les plus vendus de tout les temps

Cliquez ici pour prendre le quiz!

Statistiques générales

  • Ce quiz a été pris 237 fois
  • Le résultat moyen est 5 sur 15

Statistiques - réponses

VenteJeux% Correct
106 millionsMinecraft
66%
425 millionsTetris
66%
35 millionsTetris
66%
70 millionsGrand Theft Auto V
65%
40,24 millionsSuper Mario Bros
63%
30,79 millionsNew Super Mario Bros
43%
82,72 millionsWii Sport
37%
29,51 millionsNew Super Mario Bros Wii
36%
30,2 millionsCall Of Duty: Black Ops
23%
36,53 millionsMario Kart Wii
18%
29,19 millionsCall Of Duty: Black Ops 2
17%
30,5 millionsCall Of Duty: Modern Warfare 3
15%
32,87 millionsWii Sport Resort
9%
30 millionsMinecraft: Pocket Edition
2%
65 millionsThe Oregon Trail
2%

Distribution des résultats

Percentile par nombre de réponses

% des personnes avec chaque résultat

Votre développement - résultats

Vous n’avez pas pris ce quiz